Variational analysis and applications (Record no. 4937)

MARC details
000 -LEADER
fixed length control field 00486nam a2200169Ia 4500
008 - FIXED-LENGTH DATA ELEMENTS--GENERAL INFORMATION
fixed length control field 230917s9999||||xx |||||||||||||| ||und||
020 ## - ISBN
Price EUR 129.99 (RS 11093.35)
040 ## - CATALOGING SOURCE
-- 5015589
Original cataloging agency VIVEKANANDA LIBRARY
041 ## - Language
-- English
082 ## - DDC NUMBER
Classification number 515.64 M811V
100 ## - MAIN ENTRY--PERSONAL NAME
Personal name Mordukhovich, Boris S
245 #0 - TITLE STATEMENT
Title Variational analysis and applications
260 ## - PUBLICATION, DISTRIBUTION, ETC. (IMPRINT)
Place of publication, distribution, etc Switzerland
Name of publisher, distributor, etc Springer Nature
Date of publication, distribution, etc 2018
300 ## - PHYSICAL DESCRIPTION
Pages xix, 622 p.
500 ## - GENERAL NOTE
General note 4434 20/01/2022 HBD22/9305 04/03/2022 Main Budget
942 ## - ADDED ENTRY ELEMENTS (KOHA)
Koha item type Books
Holdings
Withdrawn status Lost status Damaged status Not for loan Location (home branch) Sublocation or collection (holding branch) Date acquired Koha issues (times borrowed) Koha full call number Accession No. Koha date last seen Koha item type
        VIVEKANANDA LIBRARY VIVEKANANDA LIBRARY 27/03/2022   515.64 M811V 405411 17/09/2023 Books
© Designed and Maintained by Vivekananda Library, MDU Rohtak